00508 2200193 4500001002100000005001500021035002000036007000300056008004100059020002200100082001000122084001600132100001800148245003800166250001100204260004000215300004300255650001600298INLIS00000000000047620221107025816 a0010-1122000070ta221107 b 1 ind  a978-602-467-097-9 a028.5 a028.5 NIA a0 aNia Apriliyah1 aAku Sayang Kakek /cNia Apriliyah aCet. I aJakarta :bErlangga For Kids,c2018 a26 halaman :bilustrasi berwarna ;c20 4aBacaan Anak